00955nam a2200217 a 4500001000800000005001700008008004100025050002400066082001900090245022400109260007200333300003200405440005600437500003000493650003500523650003000558710003400588710004100622710004600663710002800709247214620260422194119.0900404s1990 dcua b 000 0 eng 00aLB1044.5b.I56 199000a372.13/33122000aInteractive radio instruction :bconfronting crisis in basic education /cEducation Development Center, Newton, Massachusetts, in consortium with, Academy for Educational Development, Friend Dialogues of North Carolina. a[Washington, D.C.] :bAgency for International Development,c[1990] axi, 91 p. :bill. ;c23 cm. 0aA.I.D. science and technology in development series a"Radio Learning Project." 0aRadio in elementary education. 0aEducational broadcasting.2 aEducation Development Center.2 aAcademy for Educational Development.2 aFriend Dialogues of North Carolina (Firm)2 aRadio Learning Project.